000 03986cam a2200313 4500500
005 20251228045658.0
041 _afre
042 _adc
100 1 0 _aBahimana, Adolphe
_eauthor
700 1 0 _aMburano Rwenge, Jean-Robert
_eauthor
245 0 0 _aDéterminants de la non-satisfaction des besoins en planification familiale chez les jeunes femmes mariées au Burundi
260 _c2021.
500 _a84
520 _aIntroduction : Au Burundi, sept individus sur dix sont âgés de moins de 25 ans et un sur cinq, de 15-24 ans. Améliorer les besoins de ces jeunes en santé sexuelle et reproductive est essentiel pour garantir leur santé et faciliter leur éducation, leur proposer des emplois valorisants et réduire la pauvreté. But de l’étude : Rechercher les « déterminants » des besoins non satisfaits (BNS) en planification familiale (PF) chez les jeunes femmes mariées dans ce pays. Résultats : Les analyses des données de l’Enquête démographique et de santé (EDS) réalisée au Burundi en 2016, effectuées en recourant aux modèles de régression logistique binaire, révèlent que les « déterminants » du phénomène sont la région de résidence, la composition familiale du ménage, le nombre d’enfants survivants, le déséquilibre dans les sexes des enfants et la prise des décisions dans le domaine de la santé. Le risque de BNS en PF s’est avéré plus élevé au Nord du Burundi qu’à l’Est. Par ailleurs, les répondantes ayant au moins deux enfants en vie, ayant plus de filles que de garçons et prenant seules les décisions sur leur santé ont le plus exprimé des BNS en PF. Conclusion : Pour qu’au Burundi la prévalence des méthodes contraceptives modernes augmente chez les jeunes femmes mariées, on devrait donc renforcer les campagnes de sensibilisation sur les bienfaits et l’importance de la PF en direction de celles ayant ces caractéristiques et améliorer leur accessibilité à ces méthodes.
520 _aIntroduction: In Burundi, seven individuals among ten are aged under 25 and one among five are aged 15-24. Improving the needs of these young people in Sexual and Reproductive Health is essential to guarantee their health and facilitate their education, offer them meaningful employment and reduce poverty. Purpose of research: To search the “determinants” of Unmet Need for Family Planning (FP) among young married women in this country. Results: The analyses of data from the Demographic and Health Survey (DHS) carried out in Burundi in 2016, which were performed using binary logistic regression models, reveal that the “determinants” of the studied phenomenon are the region of residence, family composition of the household, number of surviving children, imbalance in the sexes of children and decision-making in healthcare. The risk of Unmet Need for FP was found to be higher in the Northern Burundi than in the East. In addition, the respondents having at least two alive children, having more daughters than boys and autonomous in decision-making in healthcare were found to be the most concerned by the Unmet Need for FP. Conclusion: To increase in Burundi the prevalence of modern contraceptive methods among young married women, we should therefore strengthen awareness campaigns on the benefits and importance of FP by targeting those with these characteristics and improving their accessibility to these methods.
690 _aAfrique subsaharienne
690 _adémographie
690 _aespacement des naissances
690 _amodernisation
690 _aplanification familiale
690 _abirth spacing
690 _ademography
690 _afamily planning
690 _agender relations
690 _amodernization
690 _aSub-Saharan Africa
786 0 _nSanté Publique | 33 | 3 | 2021-10-28 | p. 445-458 | 0995-3914
856 4 1 _uhttps://stm.cairn.info/revue-sante-publique-2021-3-page-445?lang=fr&redirect-ssocas=7080
999 _c1579121
_d1579121